01086cam a2200289 a 45000010008000000030009000080050017000170080041000340100017000750200015000920250025001070400028001320420010001600430012001700500025001820820017002071000028002242450100002522460026003522600057003783000033004355040066004685200134005346100036006686500050007046500042007541194573BDDh-ASL20231015025934.0970612s1997 ii a b 001 0 eng  a 97901695  a0195641019 aI-E-97-901695; 63-92 aDLCcDLCdDLCdBDDh-ASL alcode aa-ii---00aHD1537.I4bG857 1997 a954.73bGUR 1 aGupta, Dipankar,d1949-10aRivalry and brotherhood :bpolitics in the life of farmers in northern India /cDipankar Gupta.14aRivalry & brotherhood aDelhi ;aNew York :bOxford University Press,c1997. axi, 218 p. :bill. ;c23 cm. aIncludes bibliographical references (p. [207]-213) and index. aA study with particular reference to the Bharatiya Kisan Union, a peasant movement, and the Jat farmers of western Uttar Pradesh.20aBharatiya Kisan UnionxHistory. 0aPeasantsxPolitical activityzIndiaxHistory. 0aJatszIndiaxPolitics and government.